[Event "?"]
[Site "Dos Hermanas ESP"]
[Date "1994.??.??"]
[Round "6"]
[White "Topalov, Veselin"]
[Black "Lautier, Joel"]
[Result "1/2-1/2"]
[WhiteElo "2640"]
[BlackElo "2625"]
[EventDate "1994.04.??"]

1.c4 Cf6 2.Cf3 c6 3.Cc3 d5 4.e3 e6 5.d4 Cbd7 6.Fd3 dxc4 7.Fxc4 b5 8.Fd3 a6
9.e4 c5 10.d5 c4 11.dxe6 fxe6 12.Fc2 Dc7 13.O-O Fb7 14.Cg5 Cc5 15.e5 Dxe5 
16.Te1 Dd6 17.Dxd6 Fxd6 18.Fe3 O-O 19.Tad1 Fe7 20.Fxc5 Fxc5 21.Cxe6 Tfc8 
22.h3 Tab8 23.g4 Ff3 24.Td2 b4 25.Ca4 Fa7 26.g5 Cd5 27.Te5 Tb5 28.Tf5 Cc7 
29.Cxg7 Fc6 30.Td6 Cd5 31.Ce6 Ce7 32.Txb5 Fxb5 33.h4 Cg6 34.h5 Ce5 35.g6 
hxg6 36.hxg6 Cf3+ 37.Rh1 Fc6 38.Cac5 Cd4+ 39.Fe4 Cxe6 40.Txe6 Fxc5 41.Txc6
1/2-1/2

[Event "?"]
[Site "Dos Hermanas ESP"]
[Date "1994.??.??"]
[Round "7"]
[White "Polgar, Judit"]
[Black "Topalov, Veselin"]
[Result "1-0"]
[WhiteElo "2630"]
[BlackElo "2640"]
[EventDate "1994.04.??"]

1.e4 e6 2.d4 d5 3.e5 c5 4.c3 Cc6 5.Cf3 Fd7 6.Fe2 f6 7.O-O Db6 8.dxc5 Fxc5 
9.b4 Fe7 10.Ff4 fxe5 11.Cxe5 Cxe5 12.Fxe5 Cf6 13.a4 a5 14.bxa5 Txa5 15.Cd2
O-O 16.Tb1 Da7 17.Fb5 Fxb5 18.axb5 Ta2 19.Fd4 Db8 20.Te1 Df4 21.Te2 Fd6 
22.g3 Df5 23.f4 Dd3 24.Tf2 Tfa8 25.De1 Df5 26.Td1 Dg4 27.Rg2 Ch5 28.Rh1 
Tc2 29.De2 Dh3 30.De3 Cf6 31.Te1 Ff8 32.Fxf6 gxf6 33.Ce4 Taa2 34.Cxf6+ Rh8
35.De5 Txf2 36.Cg4+ Rg8 37.Dxe6+ 1-0

[Event "?"]
[Site "Dos Hermanas ESP"]
[Date "1994.??.??"]
[Round "8"]
[White "Topalov, Veselin"]
[Black "Gulko, Boris F"]
[Result "1-0"]
[WhiteElo "2640"]
[BlackElo "2615"]
[EventDate "1994.04.??"]

1.e4 e6 2.d4 d5 3.Cc3 Fb4 4.e5 c5 5.a3 Fxc3+ 6.bxc3 Ce7 7.Cf3 b6 8.Fb5+ 
Fd7 9.Fd3 Fa4 10.h4 h6 11.h5 Dc7 12.O-O Cd7 13.Te1 Dc6 14.Tb1 a6 15.Cd2 
cxd4 16.cxd4 Fb5 17.Txb5 axb5 18.De2 Ta4 19.Cb3 Tc4 20.Fd2 Cf5 21.Fb4 Cxd4
22.Cxd4 Txd4 23.Fxb5 Dc8 24.Td1 Txb4 25.axb4 Dc3 26.Dg4 Dxe5 27.c4 f5 28.
Dg6+ Re7 29.cxd5 exd5 30.Fxd7 Rxd7 31.Df7+ Rc8 32.Da7 Te8 33.Tc1+ Rd8 34.
Db7 1-0

[Event "It"]
[Site "Las Palmas ESP"]
[Date "1994.??.??"]
[Round "2"]
[White "Topalov, Veselin"]
[Black "Kamsky, Gata"]
[Result "1/2-1/2"]
[WhiteElo "2640"]
[BlackElo "2695"]
[EventDate "1994.05.??"]

1.d4 Cf6 2.c4 e6 3.Cf3 b6 4.a3 Fa6 5.Dc2 Fb7 6.Cc3 c5 7.e4 cxd4 8.Cxd4 Cc6
9.Cxc6 Fxc6 10.Ff4 Ch5 11.Fd2 Db8 12.g3 f5 13.Fg2 Fd6 14.f4 Cf6 15.O-O-O 
O-O 16.Fe3 fxe4 17.Cxe4 Cxe4 18.Fxe4 Fxe4 19.Dxe4 Dc7 20.Td2 Tfd8 21.Thd1 
Ff8 22.Rb1 Tac8 23.f5 exf5 24.Dd5+ Rh8 25.Dxf5 Dxc4 26.Txd7 Txd7 27.Txd7 
Fxa3 28.Fd4 Ff8 29.Txa7 Te8 30.Fc3 b5 31.Df7 Dxf7 32.Txf7 b4 33.Fd2 Rg8 
34.Tb7 1/2-1/2

[Event "It"]
[Site "Las Palmas ESP"]
[Date "1994.??.??"]
[Round "3"]
[White "Illescas Cordoba, Miguel"]
[Black "Topalov, Veselin"]
[Result "1/2-1/2"]
[WhiteElo "2590"]
[BlackElo "2640"]
[EventDate "1994.05.??"]

1.e4 c5 2.Cf3 d6 3.Fb5+ Cd7 4.d4 Cf6 5.Cc3 cxd4 6.Dxd4 g6 7.e5 dxe5 8.Cxe5
Fg7 9.Fg5 a6 10.Cxd7 Fxd7 11.Fxd7+ Dxd7 12.Dxd7+ Cxd7 13.Cd5 Tc8 14.O-O-O 
e6 15.The1 h6 16.Fd2 Tc4 17.Fb4 Td4 18.Txd4 Fxd4 19.f4 Ff2 20.Te4 Rd8 21.
Fe7+ Rc8 22.Tc4+ Rb8 23.Fd6+ Ra7 24.Tc7 Cb8 25.Ce7 Td8 26.c4 a5 27.Rc2 Ra6
28.c5 Cd7 29.c6 Cb8 30.Fe5 Fb6 31.Txb7 Cxc6 32.Cxc6 Rxb7 33.Cxd8+ Fxd8 34.
Rb3 f5 35.Rc4 Rc6 36.b3 g5 37.fxg5 Fxg5 38.h3 h5 39.Fc3 Fd8 40.Fe5 Fe7 41.
Fc3 Rb6 42.Fd2 Fd6 43.Fg5 1/2-1/2

[Event "It"]
[Site "Las Palmas ESP"]
[Date "1994.??.??"]
[Round "4"]
[White "Topalov, Veselin"]
[Black "Polgar, Judit"]
[Result "1-0"]
[WhiteElo "2640"]
[BlackElo "2630"]
[EventDate "1994.05.??"]

1.e4 c5 2.Cf3 e6 3.d4 cxd4 4.Cxd4 a6 5.Fd3 Ce7 6.O-O g6 7.c4 Fg7 8.Fe3 
Cbc6 9.Cxc6 bxc6 10.c5 Fxb2 11.Cd2 O-O 12.Tb1 Fg7 13.Cc4 f5 14.Dd2 fxe4 
15.Fxe4 Cd5 16.Fg5 Dc7 17.Tb3 a5 18.Cd6 a4 19.Th3 Da5 20.Dc2 Cb4 21.Db1 
Fa6 22.Tc1 Txf2 23.Rxf2 Fd4+ 24.Fe3 Cd3+ 25.Rg1 Dd2 26.Fxd4 Cxc1 27.Rh1 
Dxd4 28.Dxc1 Tb8 29.Tf3 Tb2 30.h4 Td2 31.Rh2 Fe2 32.Tf2 Dxf2 33.Dxd2 Dxh4+
34.Rg1 Fc4 35.a3 Fd5 36.Df2 De7 37.Fc2 Dg7 38.Df4 g5 39.De3 h5 40.Dd3 Da1+
41.Rh2 De5+ 42.g3 Df6 43.Dg6+ Dxg6 44.Fxg6 Rg7 45.Fxh5 Rf6 46.Cc8 Re5 47.
Cb6 Rd4 48.Cxd7 e5 49.Rg1 Fe6 50.Fe8 e4 51.Rf2 Rc3 52.Re3 Rb3 53.Cb6 1-0

[Event "It"]
[Site "Las Palmas ESP"]
[Date "1994.??.??"]
[Round "5"]
[White "Adams, Michael"]
[Black "Topalov, Veselin"]
[Result "1/2-1/2"]
[WhiteElo "2660"]
[BlackElo "2640"]
[EventDate "1994.05.??"]

1.e4 c5 2.c3 d5 3.exd5 Dxd5 4.d4 Cf6 5.Cf3 Fg4 6.Fe2 e6 7.h3 Fh5 8.Fe3 
cxd4 9.cxd4 Cc6 10.Cc3 Dd6 11.g4 Fg6 12.Ce5 Fe7 13.O-O O-O 14.Ff4 Dd8 15.
Ff3 Tc8 16.Cxg6 hxg6 17.Fe3 Fd6 18.g5 Cd7 19.d5 exd5 20.Dxd5 Cb6 21.Fxb6 
axb6 22.Tfd1 Fe5 23.Dxd8 Tfxd8 24.Rg2 Txd1 25.Txd1 Td8 26.Txd8+ Cxd8 27.
Fd5 Rf8 28.Rf3 Fd4 29.Cd1 f6 30.Re4 Fc5 31.gxf6 gxf6 32.a3 f5+ 33.Rd3 Re7 
34.b4 Fd6 35.Rc4 Rd7 36.Cc3 Cc6 37.Fg2 Fc7 38.Cd5 Fd8 39.Cf4 g5 40.Cd5 Rd6
41.f4 Ce7 42.Cc3 gxf4 43.Cb5+ Re5 44.Fxb7 f3 45.Fxf3 Cc8 46.Cd4 Cd6+ 47.
Rd3 Rf4 48.Fc6 Rg3 49.Fd7 Rxh3 50.Fxf5+ Rg3 51.Fd7 Fh4 52.a4 Rg2 53.Fc6+ 
Rf1 54.Cc2 Ff2 55.Ce3+ Re1 56.Cg4 Fg1 57.Ff3 Rf1 58.Fd5 Re1 59.Fb3 Rf1 60.
Ce5 Rg2 61.Cc6 1/2-1/2

[Event "It"]
[Site "Las Palmas ESP"]
[Date "1994.??.??"]
[Round "6"]
[White "Epishin, Vladimir"]
[Black "Topalov, Veselin"]
[Result "1/2-1/2"]
[WhiteElo "2675"]
[BlackElo "2640"]
[EventDate "1994.05.??"]

1.d4 Cf6 2.c4 e6 3.Cf3 c5 4.d5 exd5 5.cxd5 d6 6.Cc3 g6 7.e4 Fg7 8.h3 O-O 
9.Fd3 b5 10.Cxb5 Te8 11.O-O Cxe4 12.Te1 a6 13.Ca3 Cf6 14.Txe8+ Cxe8 15.Fg5
Ff6 16.Dd2 Fb7 17.Te1 Cd7 18.Fe4 Cb6 19.b3 Fxg5 20.Cxg5 Cf6 21.Cc4 Cxc4 
22.bxc4 Fc8 23.Fc2 Ta7 24.De3 Tb7 25.Fa4 Fd7 26.Fc6 Fxc6 27.dxc6 Tc7 28.
Df3 h6 29.Ce4 Cxe4 30.Dxe4 Da8 31.Df4 Df8 32.Df3 Da8 33.Df6 Txc6 34.Te7 
Df8 35.Td7 Dg7 36.Dd8+ Df8 37.Df6 Dg7 38.Df3 Tb6 39.Da8+ Rh7 40.De8 Da1+ 
41.Rh2 De5+ 42.Dxe5 dxe5 43.Txf7+ Rg8 44.Te7 Tb2 45.Rg3 Txa2 46.Txe5 Rf7 
47.Txc5 a5 48.h4 h5 49.Rf3 a4 50.Ta5 a3 51.Re3 Tc2 52.Txa3 Txc4 53.g3 Rf6 
54.f3 Tb4 55.Td3 Ta4 56.Td4 Ta5 57.Tc4 Re5 58.Te4+ Rf5 59.Rd4 Rf6 60.Te8 
Ta4+ 61.Re3 Rf5 62.Tf8+ Re5 63.f4+ Re6 64.f5+ gxf5 65.Th8 f4+ 66.gxf4 Ta3+
67.Re2 Ta2+ 68.Rd3 Ta3+ 69.Rd2 Ta2+ 70.Rc3 Ta3+ 71.Rd4 Ta4+ 72.Re3 1/2-1/2

[Event "It"]
[Site "Las Palmas ESP"]
[Date "1994.??.??"]
[Round "8"]
[White "Morovic Fernandez, Ivan"]
[Black "Topalov, Veselin"]
[Result "1/2-1/2"]
[WhiteElo "2605"]
[BlackElo "2640"]
[EventDate "1994.05.??"]

1.e4 c5 2.Cf3 d6 3.Fb5+ Cd7 4.d4 Cf6 5.Cc3 cxd4 6.Dxd4 e5 7.Dd3 h6 8.Fe3 
Fe7 9.Fc4 O-O 10.O-O-O a6 11.Fb3 b5 12.Cd5 Cxd5 13.Fxd5 Tb8 14.Fa7 Tb7 15.
Fxb7 Fxb7 16.Cd2 Cf6 17.f3 d5 18.Ff2 Dc7 19.The1 Td8 20.Db3 d4 21.Rb1 Cd7 
22.c3 Cc5 23.Dc2 d3 24.Dc1 Fc8 25.Fxc5 Dxc5 26.Cb3 Dc4 27.g3 Fe6 28.Dd2 b4
29.Tc1 Db5 30.Ted1 a5 31.cxb4 axb4 32.De3 Da6 33.Tc7 Fxb3 34.axb3 Ta8 35.
Dxd3 Da2+ 36.Rc2 Fd8 37.Tc6 Fb6 38.Txb6 Tc8+ 39.Rd2 Dxb2+ 40.Re1 Dxh2 41.
Txb4 1/2-1/2

[Event "It"]
[Site "Las Palmas ESP"]
[Date "1994.??.??"]
[Round "9"]
[White "Topalov, Veselin"]
[Black "Lautier, Joel"]
[Result "1/2-1/2"]
[WhiteElo "2640"]
[BlackElo "2625"]
[EventDate "1994.05.??"]

1.e4 c5 2.Cf3 e6 3.d4 cxd4 4.Cxd4 Cc6 5.Cc3 Dc7 6.g3 a6 7.Fg2 Cf6 8.O-O d6
9.Fe3 Fe7 10.f4 O-O 11.Rh1 Tb8 12.a4 Te8 13.De2 Fd7 14.Cb3 Ca5 15.g4 Cxb3 
16.cxb3 Fc6 17.g5 Cd7 18.b4 b5 19.axb5 Fxb5 20.Cxb5 Txb5 21.Fd2 Dc2 22.De3
Dc6 23.Ta3 Db7 24.Tfa1 Tb6 25.De2 Cb8 26.Th3 g6 27.De1 Cd7 28.Fc3 e5 29.
Dh4 h5 30.Ff3 Fd8 31.f5 Txb4 32.Te1 Cc5 33.Fxb4 Dxb4 34.Te2 Dd4 35.Fxh5 
Dd1+ 36.Rg2 Cd3 37.Txd3 Dxd3 38.fxg6 fxg6 39.Fg4 Dc4 40.Dh6 Df7 41.Tf2 Dg7
42.Dh3 Dh7 43.Fe6+ Rh8 44.Dg4 Dh5 45.Dxh5+ gxh5 46.Ff7 Tf8 47.h4 Fb6 48.
Tf3 Rg7 49.Fxh5 Th8 50.Tf7+ Rg8 51.Tb7 Txh5 52.Txb6 Txh4 53.Rf3 Tf4+ 54.
Re3 Tg4 55.b4 Txg5 56.Rd3 d5 57.exd5 Tg4 58.Rc3 Td4 59.Txa6 Rf7 60.b5 Txd5
61.Rc4 Td1 62.Rc5 e4 63.Ta4 1/2-1/2

[Event "?"]
[Site "Tilburg NED"]
[Date "1994.??.??"]
[Round "1"]
[White "Topalov, Veselin"]
[Black "Tukmakov, Vladimir B"]
[Result "0-1"]
[WhiteElo "2645"]
[BlackElo "2565"]
[EventDate "1994.09.??"]

1.e4 c6 2.d4 d5 3.Cd2 dxe4 4.Cxe4 Cd7 5.Cg5 Cgf6 6.Fd3 e6 7.C1f3 Fd6 8.De2
h6 9.Ce4 Cxe4 10.Dxe4 Dc7 11.O-O b6 12.Dg4 g5 13.Dh3 Tg8 14.Cd2 Fb7 15.Cc4
O-O-O 16.c3 c5 17.Fe3 Ff4 18.Tfd1 Cf6 19.dxc5 bxc5 20.Ff1 Cd5 21.Fxf4 gxf4
22.Te1 f3 23.g3 Cf4 24.Dh4 Ce2+ 25.Rh1 Td5 26.Ce3 Te5 27.Dxh6 Teg5 28.Tad1
De5 29.Dh4 Th5 30.Cc4 Dh8 31.Cd6+ Rb8 32.Cxf7 Txh4 33.Cxh8 Thxh8 0-1

[Event "?"]
[Site "Tilburg NED"]
[Date "1994.??.??"]
[Round "1"]
[White "Tukmakov, Vladimir B"]
[Black "Topalov, Veselin"]
[Result "1/2-1/2"]
[WhiteElo "2565"]
[BlackElo "2645"]
[EventDate "1994.09.??"]

1.d4 Cf6 2.Cf3 e6 3.g3 b5 4.Dd3 Fa6 5.a3 c5 6.dxc5 Fxc5 7.b4 Fb6 8.Fg2 d5 
9.O-O O-O 10.Fb2 Cc6 11.Cbd2 Tc8 12.e4 dxe4 13.Cxe4 Dxd3 14.Cxf6+ gxf6 15.
cxd3 f5 16.Tac1 Tfd8 17.Tfd1 Cd4 18.Cxd4 Fxd4 19.Fxd4 Txd4 20.Txc8+ Fxc8 
21.f4 Fd7 22.Rf2 Td6 23.Re3 Fc6 24.Ff1 Rf8 25.Tc1 Re7 26.d4 Rd8 27.Tc5 a6 
28.h3 Fd5 29.g4 fxg4 30.hxg4 h6 31.Fd3 Re7 32.Fe4 Fxe4 33.Rxe4 Rf6 34.Th5 
Rg7 35.f5 Td8 36.Th3 Td6 37.Tc3 Rf6 38.Tf3 Rg5 39.fxe6 fxe6 40.Th3 Td8 41.
Th5+ Rg6 42.Tc5 Rf6 43.Tc6 Tg8 44.Rf4 Td8 45.Re4 Tg8 46.Rf4 Td8 47.Re3 Td5
48.Txa6 Tg5 49.Rf4 Td5 50.Re3 Tg5 51.Tb6 h5 52.gxh5 Txh5 53.Ta6 Th3+ 54.
Re2 Rf5 1/2-1/2

[Event "Balkaniad"]
[Site "Varna BUL"]
[Date "1994.??.??"]
[Round "1"]
[White "Topalov, Veselin"]
[Black "Zadrima, Aldo"]
[Result "1-0"]
[WhiteElo "2640"]
[BlackElo "2260"]
[EventDate "1994.10.??"]

1.d4 Cf6 2.c4 g6 3.Cc3 d5 4.Fg5 Ce4 5.Fh4 Cxc3 6.bxc3 dxc4 7.e3 Fe6 8.Db1 
Dc8 9.Cf3 h6 10.Fe2 Cd7 11.O-O Fg7 12.Cd2 Cb6 13.a4 a5 14.Ce4 Ff5 15.Db5+ 
Dd7 16.Cc5 Dxb5 17.axb5 a4 18.Ff3 Ta5 19.Cxb7 Ta7 20.Cc5 g5 21.Fc6+ Rd8 
22.Fg3 Fc2 23.f4 gxf4 24.Txf4 Ff6 25.e4 a3 26.e5 Fg5 27.Txf7 a2 28.Ce6+ 
Rc8 29.Cxg5 hxg5 30.Txe7 Fb1 31.e6 Ca4 32.Fe5 Tg8 33.d5 1-0

[Event "Balkaniad"]
[Site "Varna BUL"]
[Date "1994.??.??"]
[Round "2"]
[White "Drasko, Milan"]
[Black "Topalov, Veselin"]
[Result "1/2-1/2"]
[WhiteElo "2545"]
[BlackElo "2640"]
[EventDate "1994.10.??"]

1.d4 Cf6 2.c4 c5 3.d5 e6 4.Cc3 exd5 5.cxd5 d6 6.Cf3 g6 7.g3 Fg7 8.Fg2 O-O 
9.O-O Ca6 10.Cd2 Cc7 11.Cc4 Ch5 12.a4 b6 13.Dc2 Fa6 14.b3 f5 15.Fb2 Dd7 
16.Tfe1 Tae8 17.e3 g5 18.Tad1 Te7 19.Fh3 Tef7 20.Td2 Dd8 21.Dd1 g4 22.Fg2 
Te7 23.e4 Fxc4 24.bxc4 Tfe8 25.f4 gxf3 26.Dxf3 Cf6 27.Dxf5 Tf8 28.Dg5 Te5 
29.De3 Cg4 30.Dd3 Th5 31.De2 Dg5 32.h4 Dg6 33.Cd1 Fxb2 34.Txb2 Ce8 35.Tb3 
Ce5 36.Tf1 Txf1+ 37.Dxf1 Dg7 38.a5 Th6 39.axb6 axb6 40.Ce3 Dxg3 1/2-1/2

[Event "Balkaniad"]
[Site "Varna BUL"]
[Date "1994.??.??"]
[Round "3"]
[White "Topalov, Veselin"]
[Black "Ionescu, Constantin"]
[Result "0-1"]
[WhiteElo "2640"]
[BlackElo "2440"]
[EventDate "1994.10.??"]

1.d4 Cf6 2.Cf3 e6 3.g3 b5 4.Fg5 Fb7 5.Cbd2 Fe7 6.e3 a6 7.a4 b4 8.Cb3 d6 9.
Fg2 Cbd7 10.c3 bxc3 11.bxc3 Ta7 12.O-O Da8 13.Te1 h6 14.Fxf6 Cxf6 15.Ch4 
Fxg2 16.Cxg2 O-O 17.Dd3 c5 18.dxc5 dxc5 19.Cd2 Td8 20.Dc2 Dd5 21.Ta2 Tad7 
22.Te2 Cg4 23.h3 Ce5 24.Ce1 c4 25.a5 Cd3 26.Cef3 e5 27.e4 De6 28.Rg2 Tb7 
29.Cf1 Fc5 30.Ce3 Fxe3 31.Txe3 Tdb8 32.Da4 Tb2 33.Te2 Txa2 34.Txa2 Tb3 35.
Tc2 Cc5 36.Da1 Cxe4 37.De1 Dd5 38.De3 f6 39.Te2 Cxc3 40.Td2 Db7 41.Dc5 Ce4
42.Dxc4+ Rh7 43.Td7 Dxd7 44.Dxb3 Dc6 45.Db6 Dc2 46.Ch4 De2 47.Cf5 Cd2 48.
Ce3 Df3+ 49.Rg1 Ce4 50.Cg2 Dd1+ 51.Rh2 Df1 52.De3 Cxf2 53.g4 h5 54.g5 fxg5
55.Dxe5 Dd3 56.Dxg5 Dxh3+ 57.Rg1 Ce4 58.Df4 De6 59.Df3 g6 60.Ce3 Cg5 61.
Dg3 De5 0-1

[Event "Balkaniad"]
[Site "Varna BUL"]
[Date "1994.??.??"]
[Round "4"]
[White "Kotronias, Vasilios"]
[Black "Topalov, Veselin"]
[Result "1/2-1/2"]
[WhiteElo "2545"]
[BlackElo "2640"]
[EventDate "1994.10.??"]

1.e4 e6 2.d4 d5 3.Cd2 a6 4.Cgf3 c5 5.dxc5 Fxc5 6.Fd3 Ce7 7.O-O Cbc6 8.c3 
O-O 9.Dc2 h6 10.Te1 Fa7 11.Cb3 e5 12.exd5 Dxd5 13.Fe3 Fxe3 14.Txe3 Dd6 15.
Tae1 f6 16.h3 Dc7 17.Fh7+ Rh8 18.Fe4 Cd8 19.Dd2 Cf7 20.Fb1 Ff5 21.Dc1 Fxb1
22.Dxb1 Cd6 23.Td1 Tad8 24.Tee1 g5 25.Cbd2 Dc6 26.Cf1 Cdf5 27.Ce3 Cxe3 28.
Txe3 b5 29.Ted3 Txd3 30.Txd3 e4 31.Cd4 Dd6 32.Td1 De5 33.a4 f5 34.axb5 
axb5 35.Da2 g4 36.De6 Dxe6 37.Cxe6 Tf6 38.Td8+ Rh7 39.Cf4 Cg6 40.Td7+ Rg8 
41.Ch5 Ta6 42.hxg4 f4 43.Td4 Ta1+ 44.Rh2 e3 45.fxe3 fxe3 46.Te4 Ta2 47.
Txe3 Txb2 48.Te6 Rh7 49.Tb6 Ce5 50.Tb7+ Rg8 51.Cf6+ Rf8 52.Rg3 Cd3 53.Cd5 
Cc5 54.Tc7 Ce6 55.Tc6 Td2 56.Ce3 Re7 57.Tb6 Td3 58.Rf2 Cc7 59.Cf5+ Rd7 60.
Cxh6 Txc3 61.Tb8 Tc5 62.Cf5 Re6 63.Rg3 Re5 64.Ch4 Rd4 65.Cf3+ Rc3 66.g5 b4
67.g6 Ce6 68.Te8 Tc6 69.Ce5 Tb6 70.Tc8+ Rd4 71.Tc6 Txc6 72.Cxc6+ Re4 73.
Cxb4 Rf5 74.Cd3 Rg5 75.Rf3 Rf5 76.Cf4 Cg7 77.g3 Rf6 78.Rg4 Cf5 79.Rh5 
Cxg3+ 80.Rh6 Cf5+ 81.Rh7 Re7 82.Cd5+ Rf8 83.Rh8 Cg7 84.Cf6 Ce6 85.Cd7+ Re7
86.Ce5 Rf6 1/2-1/2

[Event "Balkaniad"]
[Site "Varna BUL"]
[Date "1994.??.??"]
[Round "5"]
[White "Topalov, Veselin"]
[Black "Arduman, Can"]
[Result "1/2-1/2"]
[WhiteElo "2640"]
[BlackElo "2365"]
[EventDate "1994.10.??"]

1.e4 g6 2.d4 c6 3.c4 d6 4.Cc3 Cd7 5.Cf3 Fg7 6.Fe2 e5 7.d5 c5 8.Fg5 Cgf6 9.
Cd2 h6 10.Fh4 a6 11.a3 O-O 12.b4 Dc7 13.O-O Ch7 14.Cb3 b6 15.bxc5 bxc5 16.
Dd2 Cdf6 17.Tfb1 Fd7 18.Tb2 Tfb8 19.Tab1 Tb7 20.Fd1 Tab8 21.Cc1 Ff8 22.Fg3
Cg5 23.f3 Ch5 24.Fe1 Rg7 25.Cd3 Txb2 26.Txb2 Fe7 27.h4 Ch7 28.g4 C5f6 29.
Txb8 Dxb8 30.Fc2 Dd8 31.Df2 Cg8 32.Cd1 f6 33.Ce3 Cf8 34.Fc3 g5 35.h5 Db6 
36.Cf5+ Fxf5 37.exf5 Cd7 38.Dd2 Fd8 39.Cf2 Ce7 40.Ce4 Cc8 41.Rf2 Rf7 42.
Fa4 Cb8 43.Dc2 Db7 1/2-1/2

[Event "?"]
[Site "Cap d'Agde FRA"]
[Date "1994.??.??"]
[Round "1"]
[White "Hamdouchi, Hichem"]
[Black "Topalov, Veselin"]
[Result "1/2-1/2"]
[WhiteElo "2530"]
[BlackElo "2645"]
[EventDate "1994.10.??"]

1.e4 c5 2.Cf3 d6 3.d4 cxd4 4.Cxd4 Cf6 5.Cc3 a6 6.Fc4 e6 7.Fb3 b5 8.O-O Fe7
9.Df3 Db6 10.Fe3 Db7 11.Dg3 b4 12.Ca4 Cbd7 13.f3 O-O 14.Tad1 Rh8 15.Rh1 
Tb8 16.De1 Da8 17.c4 bxc3 18.Dxc3 Fb7 19.Dd2 Tfc8 20.Tc1 Txc1 21.Txc1 Te8 
22.Ce2 d5 23.exd5 Cxd5 24.Cf4 C5f6 25.Rg1 Db8 26.Df2 Fd6 27.Fa7 Da8 28.Cd3
e5 29.Fc5 Cxc5 30.Cdxc5 e4 31.Cxb7 Dxb7 32.Te1 Dc7 33.g3 e3 34.Dg2 Fb4 35.
Te2 g6 36.Dh3 Dc6 37.Rg2 Db5 38.Rf1 Rg7 39.Cc3 Fxc3 40.bxc3 Dc6 41.Rg2 Cd5
42.Fxd5 Dxd5 43.Dh4 De6 44.Dd4+ Rg8 45.c4 h5 46.h4 Rh7 47.c5 Te7 48.Dc3 
Dd5 49.c6 Tc7 50.Dxe3 Txc6 51.Td2 Da5 52.Dd4 Tc1 53.Dd7 Tc7 54.Dd4 Te7 55.
Rf2 Df5 56.Rg2 Db5 57.Df2 Da4 58.Tb2 Tc7 59.Dd2 Td7 60.De2 Da3 61.Tb3 Dc1 
62.Tb2 Te7 63.Dd2 Da1 64.Tc2 Te1 65.Df2 Tb1 66.Td2 a5 67.Da7 Rg7 68.De3 a4
69.g4 Tb4 70.De2 hxg4 71.fxg4 Df6 72.Rh3 Df4 73.Td3 Te4 74.Df3 De5 75.Ta3 
Te2 76.Dg3 De4 77.Df3 Dxf3+ 78.Txf3 Txa2 79.g5 Tb2 80.Tf6 a3 81.Ta6 a2 82.
Ta8 f5 83.gxf6+ Rxf6 84.Rg4 Re5 85.Rg5 Tg2+ 86.Rh6 Rd4 87.Ta4+ Rc3 88.Txa2
Txa2 89.Rxg6 Rd4 90.h5 Re5 91.h6 Re6 92.Rg7 Tg2+ 93.Rf8 Tf2+ 94.Rg7 Tg2+ 
1/2-1/2

[Event "?"]
[Site "Cap d'Agde FRA"]
[Date "1994.??.??"]
[Round "2"]
[White "Topalov, Veselin"]
[Black "Xu Jun"]
[Result "1-0"]
[WhiteElo "2645"]
[BlackElo "2560"]
[EventDate "1994.10.??"]

1.e4 e5 2.Cf3 Cc6 3.Fb5 a6 4.Fa4 Cf6 5.O-O Fe7 6.Te1 b5 7.Fb3 O-O 8.a4 Fb7
9.d3 d6 10.c3 Ca5 11.Fa2 c5 12.Ca3 Db6 13.Ch4 Fc8 14.Df3 Fe6 15.Cf5 Db7 
16.axb5 axb5 17.Fxe6 fxe6 18.Cxe7+ Dxe7 19.Cxb5 Dd7 20.c4 d5 21.De2 h6 22.
h3 Cc6 23.Txa8 Txa8 24.Fe3 Cd4 25.Cxd4 cxd4 26.Fd2 dxc4 27.dxc4 Ta2 28.Fb4
d3 29.De3 Da4 30.Fc3 Dxc4 31.f3 Cd7 32.Td1 Cc5 33.Fxe5 Dc2 34.Td2 Dc1+ 35.
Rh2 Ta1 36.Fc3 Ca4 37.Txd3 Dh1+ 38.Rg3 Tc1 39.Fd4 Df1 40.Td2 e5 41.Fxe5 
Tc5 42.f4 1-0

[Event "?"]
[Site "Cap d'Agde FRA"]
[Date "1994.??.??"]
[Round "3"]
[White "Lautier, Joel"]
[Black "Topalov, Veselin"]
[Result "1-0"]
[WhiteElo "2645"]
[BlackElo "2645"]
[EventDate "1994.10.??"]

1.c4 Cf6 2.Cc3 c5 3.Cf3 Cc6 4.d4 cxd4 5.Cxd4 g6 6.e4 d6 7.f3 Fg7 8.Fe3 O-O
9.Dd2 Cxd4 10.Fxd4 Fe6 11.Fe2 Da5 12.Tc1 a6 13.b3 Tfc8 14.Db2 Ch5 15.Fxg7 
Rxg7 16.O-O De5 17.Tfd1 b5 18.cxb5 axb5 19.Dd2 Tab8 20.Cxb5 Txc1 21.Txc1 
Txb5 22.f4 Cxf4 23.Fxb5 Dg5 24.Rh1 Dxb5 25.Dxf4 De2 26.Ta1 Fd7 27.Df3 Db2 
28.Tf1 f6 29.Df2 De5 30.Dc2 Fb5 31.Td1 Fa6 32.Dc6 Fe2 33.Te1 Fb5 34.Dd5 
Dc3 35.Td1 Dc2 36.h3 Fa6 37.a4 Fb7 38.Dd3 Dc5 39.Dd4 Dc2 40.Dd3 Dc5 41.b4 
1-0

[Event "?"]
[Site "Cap d'Agde FRA"]
[Date "1994.??.??"]
[Round "4"]
[White "Topalov, Veselin"]
[Black "Adams, Michael"]
[Result "0-1"]
[WhiteElo "2645"]
[BlackElo "2640"]
[EventDate "1994.10.??"]

1.e4 d6 2.d4 Cf6 3.Cc3 c6 4.f4 Da5 5.Fd3 e5 6.Cf3 Cbd7 7.Fe3 Fe7 8.Dd2 O-O
9.O-O Dc7 10.Rh1 b5 11.Tae1 Fb7 12.a3 a6 13.h3 Ch5 14.Ce2 c5 15.c3 f5 16.
d5 c4 17.Fc2 fxe4 18.Fxe4 exf4 19.Fxf4 Cc5 20.Fc2 Cd3 21.Fh2 Cxe1 22.Txe1 
Dd7 23.Fe4 Cf6 24.Cf4 Cxe4 25.Txe4 Tf5 26.Fg3 Ff6 27.Fh4 Fxh4 28.Cxh4 Te5 
29.Td4 Tae8 30.Cf3 Tf5 31.Rh2 h6 32.Ch4 Tfe5 33.Chg6 Df7 34.Dd1 Tf5 35.Dg4
Tg5 36.Df3 Txg6 0-1

[Event "?"]
[Site "Cap d'Agde FRA"]
[Date "1994.??.??"]
[Round "5"]
[White "Lutz, Christopher"]
[Black "Topalov, Veselin"]
[Result "1-0"]
[WhiteElo "2580"]
[BlackElo "2645"]
[EventDate "1994.10.??"]

1.e4 c5 2.Cf3 d6 3.d4 cxd4 4.Cxd4 Cf6 5.Cc3 g6 6.g3 Cc6 7.Cde2 Tb8 8.Fg2 
b5 9.O-O Fg7 10.Cd5 Cd7 11.c3 a5 12.Cd4 Cxd4 13.cxd4 e6 14.Cf4 b4 15.Fe3 
Fa6 16.Te1 O-O 17.Dd2 Cb6 18.b3 Cc8 19.Tac1 Dd7 20.h4 Ca7 21.a4 bxa3 22.
Dxa5 Cb5 23.e5 Fb7 24.Ff1 Fc6 25.d5 exd5 26.e6 Db7 27.exf7+ Txf7 28.Ce6 
Fb2 29.Cd8 Txd8 30.Txc6 Dxc6 31.Dxd8+ Tf8 32.Fxb5 Dxb5 33.Dxd6 Te8 34.Rh2 
Fc3 35.Fc5 Rh8 36.Txe8+ Dxe8 37.Fxa3 Df7 38.Fc5 h5 39.b4 Rh7 40.b5 Fb4 41.
b6 1-0

[Event "?"]
[Site "Cap d'Agde FRA"]
[Date "1994.??.??"]
[Round "6.3"]
[White "Leko, Peter"]
[Black "Topalov, Veselin"]
[Result "1/2-1/2"]
[WhiteElo "2555"]
[BlackElo "2645"]
[EventDate "1994.10.??"]

1.e4 c5 2.Cf3 d6 3.d4 cxd4 4.Cxd4 Cf6 5.Cc3 a6 6.Fe3 Cg4 7.Fg5 h6 8.Fh4 g5
9.Fg3 Fg7 10.Dd2 Cc6 11.Cb3 Fe6 12.h4 gxh4 13.Fxh4 Db6 14.O-O-O Tc8 15.f3 
Fxc3 16.Dxc3 Cce5 17.Dd4 Dxd4 18.Cxd4 Ce3 19.Te1 Cxf1 20.Texf1 Fd7 21.b3 
f6 22.Rd2 Rf7 23.Ff2 Tcg8 24.Th2 Cc6 25.Ce2 f5 26.exf5 Fxf5 27.Tfh1 h5 28.
g4 Fg6 29.gxh5 Fh7 30.Cd4 Tg5 31.Cxc6 bxc6 32.h6 Thg8 33.c4 Tf5 34.Th3 a5 
35.T1h2 a4 36.Fe3 axb3 37.axb3 c5 38.Rc3 Tf6 39.Rb2 Te6 40.Fd2 Tg1 41.Th4 
Tf6 42.Tf2 Tfg6 43.Tf4+ Re8 44.Rc3 Txh6 45.Tg4 Txg4 46.fxg4 Th3+ 47.Rb2 
Tg3 48.g5 Fe4 49.Tf4 Tg2 50.Rc3 Tg3+ 51.Rb2 Tg2 52.Rc1 Tg1+ 53.Rb2 Tg2 54.
Rc3 1/2-1/2

[Event "?"]
[Site "Cap d'Agde FRA"]
[Date "1994.??.??"]
[Round "6.3"]
[White "Topalov, Veselin"]
[Black "Leko, Peter"]
[Result "1-0"]
[WhiteElo "2645"]
[BlackElo "2555"]
[EventDate "1994.10.??"]

1.e4 e5 2.Cf3 Cc6 3.Fb5 a6 4.Fa4 Cf6 5.O-O Cxe4 6.d4 b5 7.Fb3 d5 8.dxe5 
Fe6 9.Cbd2 Fc5 10.Cxe4 dxe4 11.Fxe6 Dxd1 12.Txd1 fxe6 13.Cg5 O-O 14.Cxe4 
Fb6 15.b3 Cxe5 16.Rf1 Cg4 17.f3 Cf6 18.Cg3 Cd5 19.c4 bxc4 20.bxc4 Cf6 21.
Fb2 Tad8 22.Re2 Rf7 23.Tab1 Tfe8 24.Fe5 Cd7 25.Fxc7 Fxc7 26.Tb7 Ce5 27.
Txd8 Txd8 28.Txc7+ Rg6 29.Ce4 Tb8 30.Re3 Tb2 31.Rd4 Cf7 32.Tc6 Rf5 33.Cg3+
Rf6 34.Ch5+ Rg5 35.Cxg7 e5+ 36.Re3 Txg2 37.Txa6 Txh2 38.Ce6+ Rf5 39.Cc5 
Cg5 40.Cd7 Ce6 41.Ta5 Cd8 42.Txe5+ Rg6 43.a4 Ta2 44.Cb6 h5 45.Rf4 Cf7 46.
Te6+ Rg7 47.c5 h4 48.c6 Tc2 49.Cd5 h3 50.c7 h2 51.Te1 Cd6 52.Th1 Ce8 53.
Txh2 Tc4+ 54.Re5 Cxc7 55.Cxc7 Txc7 56.Ta2 Tc5+ 57.Rd6 Ta5 58.Rc6 Rf6 59.
Rb6 1-0

[Event "Match"]
[Site "Alcobendas"]
[Date "1994.??.??"]
[Round "1"]
[White "Topalov, Veselin"]
[Black "Illescas Cordoba, Miguel"]
[Result "1-0"]
[WhiteElo "2645"]
[BlackElo "2590"]
[EventDate "1994.11.??"]

1.e4 c5 2.Cf3 Cc6 3.d4 cxd4 4.Cxd4 Cf6 5.Cc3 e5 6.Cdb5 d6 7.Fg5 a6 8.Ca3 
b5 9.Fxf6 gxf6 10.Cd5 Fg7 11.c3 f5 12.exf5 Fxf5 13.Cc2 O-O 14.Cce3 Fe6 15.
Fd3 f5 16.Fc2 b4 17.O-O bxc3 18.bxc3 Rh8 19.Dh5 e4 20.f3 Da5 21.fxe4 Fxc3 
22.Tab1 Fg7 23.exf5 Fg8 24.f6 Fxf6 25.Txf6 Txf6 26.Cxf6 Dxh5 27.Cxh5 Fxa2 
28.Tb7 Ta7 29.Tb6 Ff7 30.Txc6 1-0

[Event "Match"]
[Site "Alcobendas"]
[Date "1994.??.??"]
[Round "2"]
[White "Illescas Cordoba, Miguel"]
[Black "Topalov, Veselin"]
[Result "1-0"]
[WhiteElo "2590"]
[BlackElo "2645"]
[EventDate "1994.11.??"]

1.d4 Cf6 2.c4 c5 3.d5 b5 4.cxb5 a6 5.bxa6 g6 6.Cc3 Fxa6 7.Cf3 d6 8.e4 Fxf1
9.Rxf1 Fg7 10.g3 O-O 11.Rg2 Cbd7 12.h3 Ta6 13.Te1 Da8 14.Te2 Cb6 15.a4 
Cfd7 16.Fg5 Te8 17.h4 Fxc3 18.bxc3 Txa4 19.Txa4 Dxa4 20.Db1 f6 21.Fh6 Dc4 
22.Tb2 Rf7 23.Cd2 Da6 24.Ta2 De2 25.Df1 Dxf1+ 26.Rxf1 Ce5 27.Re2 Tb8 28.
Tb2 Ced7 29.Ta2 Ta8 30.Txa8 Cxa8 31.Ff4 Cab6 32.c4 Rg7 33.g4 h6 34.Fg3 g5 
35.h5 Cb8 36.Rd3 Ca6 37.Rc3 Cb4 38.Cf1 Ca2+ 39.Rb2 Cb4 40.Ce3 Rh7 41.Rb3 
Cd3 42.Cf5 Cc1+ 43.Rc2 Ce2 44.Rd3 Cxg3 45.fxg3 Cd7 46.Cxe7 Ce5+ 47.Rc3 Cf7
48.Rb3 Rg7 49.Cf5+ Rf8 50.Ra4 Re8 51.Rb5 Rd7 52.Rb6 Ce5 53.Cxh6 Cxc4+ 54.
Rb5 Ce5 55.Cf5 Cxg4 56.h6 Ce5 57.h7 Cf7 58.Ch6 Ch8 59.Cg8 1-0